How to change everything : (Record no. 14376)
[ view plain ]
| 000 -LEADER | |
|---|---|
| fixed length control field | 00798nam a2200241 a 4500 |
| 001 - CONTROL NUMBER | |
| JCCL Control Number | 14376 |
| 003 - CONTROL NUMBER IDENTIFIER | |
| JCCL marc code | BD-JhCC |
| 005 - DATE AND TIME OF LATEST TRANSACTION | |
| control field | 20250907092538.0 |
| 008 - FIXED-LENGTH DATA ELEMENTS--GENERAL INFORMATION | |
| fixed length control field | 250907b20212022ii a|||| |||a 001 0 eng d |
| 020 ## - INTERNATIONAL STANDARD BOOK NUMBER | |
| International Standard Book Number | 9780241492932 |
| 035 ## - SYSTEM CONTROL NUMBER | |
| system control number | (BD-JhCC)14376 |
| 040 ## - CATALOGING SOURCE | |
| Original cataloging agency | BD-JhCC |
| Modifying agency | BD-JhCC |
| 041 ## - LANGUAGE CODE | |
| Language code of Book | english |
| 082 ## - DEWEY DECIMAL CLASSIFICATION NUMBER | |
| Classification number | 320 |
| Author mark and Year | KLE 2022 |
| 100 ## - MAIN ENTRY--PERSONAL NAME | |
| Personal name | Klein,Naomi |
| 245 ## - TITLE STATEMENT | |
| Title | How to change everything : |
| Remainder of title | the young human's guide to protecting the planet and each other / |
| Statement of responsibility, etc | Naomi Klein,Rebecca Stefoff. |
| 260 ## - PUBLICATION, DISTRIBUTION, ETC. (IMPRINT) | |
| Place of publication, distribution, etc | London: |
| Name of publisher, distributor, etc | Penguin Books, |
| Date of publication, distribution, etc | 2022. |
| 300 ## - PHYSICAL DESCRIPTION | |
| Pagination | 320 p. : |
| Other physical details | ill; |
| Dimensions | 20 cm. |
| 650 ## - SUBJECT ADDED ENTRY--TOPICAL TERM | |
| Topical term or geographic name as entry element | "Children's / Teenage general interest: Rocks, weather & physical world" |
| Geographic subdivision | Children's / Teenage general interest: Ecosystems. |
| 700 ## - ADDED ENTRY--PERSONAL NAME | |
| Personal name | Stefoff,Rebecca |
| 942 ## - ADDED ENTRY ELEMENTS (KOHA) | |
| Source of classification or shelving scheme | Dewey Decimal Classification |
| Koha item type | Books |
| Source of classification or shelving scheme | Damaged status | Not for loan | Home library | Current library | Shelving location | Date of accession | Cost, normal purchase price | Total Checkouts | Full call number | Barcode | Date last seen | Date checked out | Copy number | Method of acquisition | Koha item type | Currency |
|---|---|---|---|---|---|---|---|---|---|---|---|---|---|---|---|---|
| Dewey Decimal Classification | JCC Rouf Library | JCC Rouf Library | General Stacks | 1278.00 | 2 | 320 KLE 2022 | 20217 | 01/25/2026 | 01/25/2026 | C-1 | Purchase | Books | BDT |